书目信息 |
| 题名: |
现代汉语自学辅导
|
|
| 作者: | 张振德 , 聂敏熙 主编 | |
| 分册: | ||
| 出版信息: | 成都 四川省社会科学院出版社 1983 |
|
| 页数: | 187页 | |
| 开本: | 19cm | |
| 丛书名: | ||
| 单 册: | ||
| 中图分类: | H109.4 , H1 | |
| 科图分类: | ||
| 主题词: | 汉语--现代--高等教育--自学参考资料 | |
| 电子资源: | ||
| ISBN: | ||
| 000 | 00730nam0 2200253 45 | |
| 001 | 1574249477 | |
| 005 | 20150127222812.68 | |
| 010 | @dCNY0.56 | |
| 091 | @aCN@b9316.1 | |
| 100 | @a19950405d1983 em y0chiy0121 ea | |
| 101 | 0 | @achi |
| 102 | @aCN@b510000 | |
| 105 | @ay j 000yy | |
| 200 | 10 | @a现代汉语自学辅导@Axian dai han yu zi xue fu dao@f张振德, 聂敏熙主编 |
| 210 | @a成都@c四川省社会科学院出版社@d1983 | |
| 215 | @a187页@d19cm | |
| 300 | @a高等教育自学考试汉语言文学专业辅导材料 | |
| 606 | @a汉语@z现代@x高等教育@x自学参考资料 | |
| 690 | @aH109.4@v3 | |
| 690 | @aH1@v4 | |
| 701 | 0 | @a张振德@Azhang zhen de@4主编 |
| 701 | 0 | @a聂敏熙@Anie min xi@4主编 |
| 801 | 0 | @aCN@bTSSF@c20150127 |
| 905 | @aZUCC@dH1@eJY22:1 | |
| 现代汉语自学辅导/张振德, 聂敏熙主编.-成都:四川省社会科学院出版社,1983 |
| 187页;19cm |
| 高等教育自学考试汉语言文学专业辅导材料 |
| ISBN :CNY0.56 |
| ● |
| 相关链接 |
|
|
|
|
正题名:现代汉语自学辅导
索取号:H1/JY22:1
 
预约/预借
| 序号 | 登录号 | 条形码 | 馆藏地/架位号 | 状态 | 备注 |
| 1 | 7836593 | 278365939 | 学院路分馆/ [索取号:H1/JY22:1] | 在馆 |